KATSEYE - I'm Pretty - Statistics

General Stats
  • This quiz has been taken 53 times
  • The average score is 141 of 212
Answer Stats
Answer % Correct
i
94%
i'm
94%
pretty
91%
a
86%
do
80%
not
80%
done
77%
sure
77%
face
74%
new
74%
on
74%
to
74%
healing
71%
Heartbreak
71%
song
71%
up
71%
afraid
69%
make
69%
move
69%
my
69%
the
69%
back
66%
cover
66%
put
66%
then
66%
when
66%
and
63%
it
63%
square
63%
tears
63%
yeah
63%
its
60%
it's
60%
just
60%
someone
60%
that
60%
with
60%
breathing
57%
front
57%
i'll
57%
me
57%
much
57%
off
57%
show
57%
too
57%
but
54%
commotion
54%
far
54%
feeling
54%
from
54%
hold
54%
hurt
54%
makeup
54%
myself
54%
never
54%
still
54%
this
54%
try
54%
what
54%
brush
51%
dry
51%
emotions
51%
keep
51%
know
51%
think
51%
turns
51%
going
49%
one
49%
wants
49%
does
46%
lose
46%
ooh
46%
things
46%
meet
43%
you'd
43%
always
40%
away
40%
beauty
40%
could
40%
flowing
40%
old
40%
pain
40%
start
40%
they
40%
told
40%
chip
37%
conceal
37%
cycle
37%
in
37%
find
31%
yet
29%
No matching quizzes found
Score Distribution
Percent of People with Each Score
Percentile by Number Answered
Your Score History
You have not taken this quiz